Elementary differential equations and boundary value problems (Record no. 40143)

MARC details
000 -LEADER
fixed length control field 00443nam a2200181Ia 4500
050 ## - CALL MARK
Classification number QA 371 .B69/
100 ## - STATEMENT OF RESPONSIBILITY--MAIN AUTHOR NAME
Personal name Boyce, William E.
245 #0 - TITLE STATEMENT
Title Elementary differential equations and boundary value problems
250 ## - EDITION / VOLUME STATEMENT
Edition / Volume statement 9th ed.
260 ## - PUBLICATION, DISTRIBUTION, ETC. (IMPRINT)
Place of publication New Delhi
260 ## - PUBLICATION, DISTRIBUTION, ETC. (IMPRINT)
Name of publisher John Wiley
260 ## - PUBLICATION, DISTRIBUTION, ETC. (IMPRINT)
Year of publication 1969
300 ## - PHYSICAL DESCRIPTION
Number of Pages 796 p
650 ## - SUBJECT ADDED ENTRY--TOPICAL TERM
Topical Term New Delhi
942 ## - ADDED ENTRY ELEMENTS (KOHA)
Koha item type Books
Holdings
Withdrawn status Lost status Source of classification or shelving scheme Damaged status Not for loan Permanent Location Current Location Date acquired Accession Number Price effective from Koha item type
    Library of Congress Classification     NILE UNIVERSITY OF NIGERIA - MAIN LIBRARY NILE UNIVERSITY OF NIGERIA - MAIN LIBRARY 06/03/2025 0007593 06/03/2025 Books
    Library of Congress Classification     NILE UNIVERSITY OF NIGERIA - MAIN LIBRARY NILE UNIVERSITY OF NIGERIA - MAIN LIBRARY 06/03/2025 0007594 06/03/2025 Books